EPIC The Musical : Ruthlessness - Statistiques

Statistiques générales
  • Ce quiz a été pris 93 fois
  • Le résultat moyen est 302 sur 369
Statistiques - réponses
Hint Réponse % Correct
| Poseidon I
99%
is
99%
| Choir | Odysseus Poseidon,
99%
| Odysseus Poseidon
99%
so
99%
So
99%
you
99%
| Poseidon You
99%
you,
99%
a
97%
A
97%
son
97%
that
97%
the
97%
| Poseidon The
97%
all
96%
Odysseus All
96%
Odysseus No
96%
no
96%
| Choir | Poseidon | Poseindon & Choir Ruthlessness
96%
blind,
94%
But
94%
but
94%
do
94%
me
94%
| Poseidon & Choir mercy
94%
mine
94%
my
94%
of
94%
our-
94%
to
94%
| Poseidon And
93%
and
93%
upon
93%
Poseidon In
91%
in
91%
ourselves
91%
Ourselves
91%
wave?
91%
your
91%
go,
90%
hurt
90%
line
90%
made
90%
right,
90%
years
90%
cyclops
88%
That′s
88%
that's
88%
this
87%
what
87%
Odysseus What
87%
Poseidon What?
87%
with
87%
have
85%
left
85%
are
84%
′cause
84%
′Cause
84%
'cause
84%
crossed
84%
I've
84%
just
84%
kill
84%
live
84%
not
84%
done
82%
done?
82%
get
82%
It
82%
it
82%
we
82%
We
82%
worst
82%
even
81%
good
81%
got
81%
him
81%
kind
81%
mean,
81%
great
79%
too
79%
you′re
79%
now
78%
only
78%
who
78%
bag
76%
between
76%
killed
76%
living
76%
off
76%
often
76%
open
76%
been
75%
damn,
75%
Greek
75%
make
75%
Remember
75%
try
75%
without
75%
Crew Captain,
73%
Captain
73%
chill
73%
could
73%
hate
73%
pissed
73%
waves
73%
almost
72%
choice
72%
die
72%
Poseidon Die
72%
far
72%
harm
72%
has
72%
man
72%
meant
72%
pleasure
72%
wanted
72%
doubt
70%
escape
70%
For
70%
his
70%
Poseidon I'm
70%
job
70%
let
70%
lives,
70%
nice,
70%
pain
70%
took
70%
very
70%
yet,
70%
dark
69%
don′t
69%
invisible
69%
monster?
69%
monster
69%
price
69%
see
69%
time
69%
avoided
67%
become
67%
does
67%
gotta
67%
isn′t
67%
need
67%
Choir When
67%
won't
67%
save
66%
then
66%
gracious
64%
shark
64%
am
63%
bleed,
63%
close
63%
command
63%
final
63%
Had
63%
name,
63%
totally
63%
under
63%
drown
61%
false
61%
fight
61%
ripple
61%
tidal
61%
world
61%
give
60%
heart,
60%
moment
60%
naivity
60%
reveal
60%
son′s
60%
disarm
58%
how
58%
last
58%
learn
58%
say
58%
words?
58%
Any
57%
cries
57%
darkest
57%
finally
57%
hopefulness
57%
Unless,
57%
course,
55%
before
54%
goodbye,
54%
Guess
54%
reeks
52%
swimming
52%
apologize
51%
pack
51%
Today
51%
Unlike
51%
three
49%
wolves
49%
Poseidon Fourty
46%
always
45%
It's
43%
near
40%
break
39%
righteousness,
39%
ice
37%
we′re
33%
draws
28%
crack,
25%
bound
12%
Aucun quiz correspondant
Distribution des résultats
% des personnes avec chaque résultat
Percentile par nombre de réponses
Votre historique - résultats
Vous n’avez pas pris ce quiz